000
00275nam a22001217a 4500
008
260327b ||||| |||| 00| 0 eng d
041
_a
eng shqip
080
_a
2.1
100
_a
25
101
_a
Ngjarje
245
_a
Selia e Shejtë dhe Kriza në Kosovë
942
_2
udc
_c
BK
999
_c
60948
_d
60948